000 00683aam a2200265 4500
005 20260305134133.0
008 150326b xxu||||| |||| 00| 0 spa d
020 _a8481743712
041 _aESP
082 _a617.6 O41t4
100 _aOkeson, Jeffrey P.
245 _aTratamiento de oclusión y afecciones temporomandibulares
250 _a4 edición
260 _aEspaña
260 _bHarcourt Brace
260 _c1999
300 _a638 páginas
300 _bIlustraciones a blanco y negro
490 _aMecánica Dental
650 _aOCLUSIÓN
650 _aANATOMÍA FUNCIONAL
650 _aMORFOLOGIA OCLUSAL
650 _aFISIOLOGÍA
942 _cBK
_2ddc
999 _c1037
_d1037